|
|
|
|
| LEADER |
00000nam0a2200000 4500 |
| 001 |
145500 |
| 005 |
20231031144111.0 |
| 010 |
|
|
|a 5239010011
|
| 020 |
|
|
|a RU
|b 90-64297
|
| 035 |
|
|
|a (RuTPU)RU\TPU\book\157706
|
| 090 |
|
|
|a 145500
|
| 100 |
|
|
|a 20081017d1990 m y0rusy5003 ca
|
| 101 |
0 |
|
|a rus
|
| 102 |
|
|
|a RU
|
| 105 |
|
|
|a a z 000ay
|
| 200 |
1 |
|
|a Ключи от мира
|e Повести
|f О. А. Николаева
|g худож. М. Бондарь
|
| 210 |
|
|
|a Москва
|c Московский рабочий
|d 1990
|
| 215 |
|
|
|a 220,[2] с.
|c ил.
|
| 333 |
|
|
|a Исключено из фонда НТБ ТПУ
|
| 700 |
|
1 |
|a Николаева
|b О. А.
|g Ольга Александровна
|
| 702 |
|
1 |
|a Бондарь
|b М.
|4 440
|
| 801 |
|
0 |
|a RU
|b RuMRKP
|c 19950417
|g psbo
|
| 801 |
|
1 |
|a RU
|b 63413507
|c 20081017
|g PSBO
|
| 801 |
|
2 |
|a RU
|b 63413507
|c 20220614
|g PSBO
|
| 942 |
|
|
|c BK
|